00500nam a2200193 a 4500001001300000003000900013005001700022008004100039020001000080082001700090100002100107245004400128260003200172300000900204500003500213505001000248650002700258700002100285nice12345678IN_TiNIC20260116011538.0050524s1303 lona grp 000 0 per  ac10000a297.297bABD aAbdullah, Shaikh aTuhfatul-Araib Fi Radd Ala Ahle Saleeb. aLondon bNo Publisherc1303 a222p aincludes index and biblioraphy2 aIndex aIslam-Apologetic Works1 aAbdullah, Shaikh